| 000 | 00839nam a2200253 a 4500 | ||
|---|---|---|---|
| 001 | 000033058 | ||
| 003 | OSt | ||
| 005 | 20260313112256.0 | ||
| 008 | 110808s1960 dr 000 0 spa d | ||
| 040 |
_aDO-SdBNP _bspa _cBNPHU |
||
| 082 |
_a100 _bF363o _222 |
||
| 100 | 1 |
_aFernández Spencer, Antonio, _d1922-1995 _922525 |
|
| 245 | 1 | 0 |
_aA orillas del filosofar / _cAntonio Fernández Spencer. |
| 260 |
_aCiudad Trujillo, República Dominicana : _bEditora del Caribe, _c1960. |
||
| 300 |
_a164 p. ; _c21 cm. |
||
| 490 | 1 |
_aBiblioteca de teoría ; _v6 ; _aArquero |
|
| 500 | _aIncluye datos del autor en las solapas | ||
| 590 | _aInventariado, 2020/ YL | ||
| 650 | 0 |
_aFilosofía _9813 |
|
| 650 | 0 |
_aPoesía _94503 |
|
| 830 | 0 |
_aBiblioteca de teoría _n6 _pArquero _958753 |
|
| 910 | _aValidado. Control de calidad MFF | ||
| 942 |
_2ddc _cLBS1 |
||
| 999 |
_c32549 _d32549 |
||